Neoplastic and normal cells in culture (Record no. 71250)

MARC details
000 -LEADER
fixed length control field 00779nam a2200289Ia 4500
003 - CONTROL NUMBER IDENTIFIER
control field OSt
005 - DATE AND TIME OF LATEST TRANSACTION
control field 20220912151545.0
008 - FIXED-LENGTH DATA ELEMENTS--GENERAL INFORMATION
fixed length control field 220909b |||||||| |||| 00| 0 eng d
037 ## - SOURCE OF ACQUISITION
Terms of availability Textual
040 ## - CATALOGING SOURCE
Original cataloging agency CSL
Language of cataloging eng
Transcribing agency CSL
041 ## - LANGUAGE CODE
Language code of text/sound track or separate title eng
100 ## - MAIN ENTRY--PERSONAL NAME
Personal name Vasiliev J M
245 #0 - TITLE STATEMENT
Title Neoplastic and normal cells in culture
260 ## - PUBLICATION, DISTRIBUTION, ETC.
Place of publication, distribution, etc. Cambridge
Name of publisher, distributor, etc. University press
Date of publication, distribution, etc. 1981
300 ## - PHYSICAL DESCRIPTION
Extent 372p.
Dimensions cm.
490 ## - SERIES STATEMENT
Series statement Developmental and cell biology; 8
500 ## - GENERAL NOTE
General note Bibliography 275-346p
650 ## - SUBJECT ADDED ENTRY--TOPICAL TERM
Topical term or geographic name entry element Cell culture
650 ## - SUBJECT ADDED ENTRY--TOPICAL TERM
Topical term or geographic name entry element Tumours
700 ## - ADDED ENTRY--PERSONAL NAME
Personal name Gelfand I M
942 ## - ADDED ENTRY ELEMENTS (KOHA)
Classification part L11:2-472, M1
Koha item type Textual
Source of classification or shelving scheme Colon Classification (CC)
Holdings
Withdrawn status Lost status Damaged status Not for loan Home library Current library Date acquired Total Checkouts Full call number Barcode Date last seen Price effective from Koha item type
        Central Science Library Central Science Library 2022-09-12   L11:2-472 M1 SL0778215 2022-09-12 2022-09-12 Textual
Copyright @ Delhi University Library System